España económica y financiera. (Record no. 177298)
[ view plain ]
| 000 -LEADER | |
|---|---|
| campo de control de longitud fija | 00745nas a2200229 i 4500 |
| 001 - NÚMERO DE CONTROL | |
| campo de control | 177298 |
| 003 - IDENTIFICADOR DE NÚMERO DE CONTROL | |
| campo de control | ES-MaACL |
| 005 - FECHA Y HORA DE LA ÚLTIMA TRANSACCIÓN | |
| campo de control | 20250721062646.0 |
| 008 - DATOS DE LONGITUD FIJA--INFORMACIÓN GENERAL | |
| campo de control de longitud fija | 110314d19031950sp w| | ||pa d |
| 022 ## - NÚMERO INTERNACIONAL NORMALIZADO PARA PUBLICACIONES SERIADAS | |
| Número Internacional Normalizado para Publicaciones Seriadas | 0211-7681 |
| 080 ## - NÚMERO DE LA CLASIFICACIÓN DECIMAL UNIVERSAL | |
| Número de la Clasificación Decimal Universal | 33 |
| 245 00 - MENCIÓN DEL TÍTULO | |
| Título | España económica y financiera. |
| 260 ## - PUBLICACIÓN, DISTRIBUCIÓN, ETC. | |
| Lugar de publicación, distribución, etc. | Madrid : |
| Nombre del editor, distribuidor, etc. | [España Económica y Financiera], |
| Fecha de publicación, distribución, etc. | 1903-1950. |
| 300 ## - DESCRIPCIÓN FÍSICA | |
| Extensión | 34 v. ; |
| Dimensiones | 38 cm. |
| 310 ## - PERIODICIDAD ACTUAL | |
| Periodicidad actual | Semanal |
| 362 0# - FECHAS DE PUBLICACIÓN Y/O DESIGNACIÓN SECUENCIAL | |
| Fecha de publicación y/o designación secuencial | Año 11, 2. época, n. 525 (mayo 1903)-año 53, n. 2680 (en. 1950) |
| 650 07 - PUNTO DE ACCESO ADICIONAL DE MATERIA--TÉRMINO DE MATERIA | |
| Término de materia o nombre geográfico como elemento de entrada | Economía |
| Fuente del encabezamiento o término | embne |
| 9 (RLIN) | 12006 |
| 780 00 - ENLACE A UN TÍTULO/ENTRADA ANTERIOR | |
| Título | La Estafeta |
| 852 1# - LOCALIZACIÓN | |
| Ubicación | BA |
| Número de control de estantería | Hem-58 |
| 866 #0 - MENCIÓN TEXTUAL DE FONDOS--UNIDAD BIBLIOGRÁFICA BÁSICA | |
| Fondos | 1903-1908(1909-10)1911(1912f.n.1013y1033),1915(1916f.n.1243)1917-35(1936-39).(1942f.n.2265)(1943f.n.2356)(1944). |
| Estatus retirado | Estado de pérdida | Estado de daño | No para préstamo | Colección | Biblioteca de origen | Biblioteca actual | Ubicación en estantería | Fecha de adquisición | Fuente de adquisición | Total de préstamos | Signatura topográfica completa | Código de barras | Visto por última vez | Precio de reemplazo | Tipo de ítem Koha |
|---|---|---|---|---|---|---|---|---|---|---|---|---|---|---|---|
| Periódicos y Revistas | Biblioteca del Ateneo de Madrid | Biblioteca del Ateneo de Madrid | Depósito 1 | 15/03/2011 | Hem-58 | 1186223 | 23/02/2023 | 23/02/2023 | Revista |
